| 000 | 00452cam a2200157 4500 | ||
|---|---|---|---|
| 020 | _a0803124023 | ||
| 040 | _cDLC | ||
| 082 | 0 | 0 | _a544 D.SC 1969 A033 Or. |
| 110 | 2 | _aAmerican Society for Testing and Materials. | |
| 245 | 1 | 0 |
_aSerial number list of compound names _band references to published infrared spectra. |
| 260 |
_aPhiladelphia _c[1969] |
||
| 300 |
_avi, 762 p. _c28 cm. |
||
| 500 | _a"AMD 32." | ||
| 650 | 0 | _aInfrared spectra | |
| 942 | _cEK | ||
| 999 |
_c12468 _d12468 |
||